Statistics for 30 Largest Cities in Kansas (2023)

Click here to take the quiz!

General Stats

  • This quiz has been taken 28 times
  • The average score is 20 of 30

Answer Stats

RankAnswer% Correct
5
Topeka
100%
3Kansas City
100%
1Wichita
100%
14Dodge City
96%
6Lawrence
92%
4Olathe
92%
2Overland Park
92%
9Manhattan
88%
22Hays
85%
10Salina
85%
12Leavenworth
81%
18Emporia
77%
15Garden City
77%
7Shawnee
77%
11Hutchinson
69%
23Liberal
65%
8Lenexa
62%
21Pittsburg
58%
20Junction City
54%
13Leawood
50%
24Newton
46%
19Prairie Village
46%
26Great Bend
42%
27McPherson
42%
16Derby
38%
30Arkansas City
35%
25Andover
31%
28El Dorado
27%
29Ottawa
27%
17Gardener
19%

Score Distribution

Percentile by Number Answered

Percent of People with Each Score

Your Score History

You have not taken this quiz